Snatak mahalar mahan shikshavid aru saishik cintadhara (Record no. 6290)

MARC details
000 -LEADER
fixed length control field 00609cam a2200229ua 4500
008 - FIXED-LENGTH DATA ELEMENTS--GENERAL INFORMATION
fixed length control field 150212n ii |||gr||||Z||||||asm
020 ## - INTERNATIONAL STANDARD BOOK NUMBER
International Standard Book Number 9788191098396
040 ## - CATALOGING SOURCE
Transcribing agency MAIN
041 ## - LANGUAGE CODE
-- asm
082 ## - DEWEY DECIMAL CLASSIFICATION NUMBER
Classification number 370
100 ## - MAIN ENTRY--PERSONAL NAME
Personal name Khargharia, B.,
Relator term
245 ## - TITLE STATEMENT
Title Snatak mahalar mahan shikshavid aru saishik cintadhara
Statement of responsibility, etc. By Bondana Khargharia
250 ## - EDITION STATEMENT
Edition statement 3rd.
260 ## - PUBLICATION, DISTRIBUTION, ETC.
Place of publication, distribution, etc. Jorhat:
Name of publisher, distributor, etc. Bidya bhwan,
Date of publication, distribution, etc. 2013.
300 ## - PHYSICAL DESCRIPTION
Extent 396p.
700 ## - ADDED ENTRY--PERSONAL NAME
Personal name Saikia, J.M.,
Relator term
700 ## - ADDED ENTRY--PERSONAL NAME
Personal name Saikia, T.,
Relator term
700 ## - ADDED ENTRY--PERSONAL NAME
Personal name Saikia, R.B.,
Relator term
942 ## - ADDED ENTRY ELEMENTS (KOHA)
Koha item type Books
653 ## - INDEX TERM--UNCONTROLLED
Uncontrolled term Educational philosopher
Holdings
Withdrawn status Lost status Damaged status Not for loan Home library Current library Shelving location Date acquired Total Checkouts Full call number Barcode Date last seen Copy number Price effective from Koha item type Date last checked out
        Central Library, Naharkatiya College Central Library, Naharkatiya College General Stacks 19/09/2020   370.92 | KHA 21261 19/09/2020 1 19/09/2020 Books  
        Central Library, Naharkatiya College Central Library, Naharkatiya College General Stacks 19/09/2020 2 370.92 | KHA 21262 16/09/2022 3 19/09/2020 Books 14/09/2022
        Central Library, Naharkatiya College Central Library, Naharkatiya College General Stacks 19/09/2020   370.92 | KHA 21263 19/09/2020 5 19/09/2020 Books  
        Central Library, Naharkatiya College Central Library, Naharkatiya College General Stacks 19/09/2020 1 370.92 | KHA 21264 24/08/2022 4 19/09/2020 Books 13/08/2022
        Central Library, Naharkatiya College Central Library, Naharkatiya College General Stacks 19/09/2020 1 370.92 | KHA 21265 28/08/2023 2 19/09/2020 Books 08/08/2023

Naharkatiya College © 2020. All rights reserved.

Powered By